| 000 | 00658nam a22002057a 4500 | ||
|---|---|---|---|
| 999 |
_c10130 _d10130 |
||
| 003 | AR-CdUCM | ||
| 008 | 190329b ||||| |||| 00| 0 spa d | ||
| 040 |
_aMUNICIPALIDAD PROVINCIAL DEL CUSCO _cBIBLIOTECA MUNICIPAL DEL CUSCO |
||
| 082 |
_a701.17 / _bD65 / 1934 |
||
| 100 |
_aDeustua, Alejandro O. _925854 |
||
| 245 |
_aEstética aplicada : _bLo bello en el arte / |
||
| 260 |
_aLima : _bAmericana, _c1934. |
||
| 300 |
_a249 páginas ; _c24 cm. |
||
| 505 | _aContenido : La escultura -- La pintura -- La música ... | ||
| 650 |
_aMúsica _91443 |
||
| 650 |
_aLa escultura _926803 |
||
| 650 |
_aLa pintura _926804 |
||
| 942 |
_2ddc _cLIBROS |
||
| 945 | _arah | ||